000
00283nam a22001217a 4500
041
_a
ENG
100
_a
Chittenden .A.E
245
_a
Tropical Products Institute
260
_a
London
_b
Tropical Products
_c
1980
300
_a
421
650
_a
Chemistry (40)
856
_u
Chemistry (40)
999
_c
3007
_d
3007